| 000 | 00388nam a2200145Ia 4500 | ||
|---|---|---|---|
| 008 | 230917s9999||||xx |||||||||||||| ||und|| | ||
| 040 |
_e57578 _aMAIN |
||
| 041 | _aEnglish | ||
| 082 | _a294.1 C78N | ||
| 100 | _aCoomaraswamy, Ananda K | ||
| 245 | 0 | _aNew approach to the Vedas: An essay in translation | |
| 260 |
_aDelhi _bAparna Publications _c1985 |
||
| 300 | _aix, 116 p. | ||
| 942 | _cBK | ||
| 999 |
_c47067 _d47067 |
||